000 00823nam a2200193 a 4500
003 0
005 20250324110152.0
008 071126s19uu xx 00 eng d
050 _aPHS SB 351.L4
_b.Ol51 2007
100 _aOlmedo, Arianne Rachelle M.
245 _aThe effects of the concentration of Gliricidia sepium (madre de cacao) leaf extract on staphylococcus epidermidis /
_cArianne Rachelle M. Olmedo.
260 _aLas PiƱas City, Philippines :
_bSouthville International School and Colleges,
_c2007.
300 _a23 pages :
_bcolored illustrations ;
_c28 cm.
504 _aIncludes bibliographical references.
650 _aStaphylococcus epidermidis
_xEffect of plant extracts on.
650 _aGliricidia sepium
_xChemical composition.
650 _aAntibacterial agents
_xNatural sources.
942 _2lcc
_cPASS
999 _c97867
_d97867